000 01265cam a2200337 ar4500
008 080608s1998 ua a b 100 0 eng d
020 _a0889368775
040 _aStDuBDS
_cSTF
_dOCL
_dOCLCQ
_dDLC
043 _aff-----
_aaw-----
050 0 0 _aHC415.15063
_b.O67 1998
092 0 4 _a330.956
_bO614
_221
099 _a04
_a330.956 O614
245 0 0 _aOpening doors to the world,
_bA New Trade Agenda for the Middle East /
_cedited by Raed Safadi.
246 1 4 _aFourth Mediterranean Development Forum MDF4
246 3 0 _aMENA trade and investment in the new economy
250 _aAn Economic Research Forum ed.
260 _aCairo ;
_aNew York :
_bAmerican University in Cairo Press,
_c1998.
300 _a403 p. :
_bill. ;
_c23 cm.
500 _acopy n. (203601) Gift from Shirin Abd al-Qadir
504 _aIncludes bibliographical references, and index.
651 0 _aMiddle East
_xCommerce.
651 0 _aMiddle East
_xCommercial policy.
651 0 _aMiddle East
_xCommercial treaties.
700 1 _aSafadi, Raed,
_d1958-
710 2 _aEconomic Research Forum for the Arab Countries,Iran and Turkey.
902 _a2
905 _aIbrahim
_eRev
905 _aJamal
_eCat
942 _2ddc
_cBK
999 _c106371
_d106371